<?xml version="1.0" encoding="UTF-8"?>
<record
    xmlns:xsi="http://www.w3.org/2001/XMLSchema-instance"
    xsi:schemaLocation="http://www.loc.gov/MARC21/slim http://www.loc.gov/standards/marcxml/schema/MARC21slim.xsd"
    xmlns="http://www.loc.gov/MARC21/slim">

  <leader>00979nam a22002417a 4500</leader>
  <controlfield tag="003">BD-DhUL</controlfield>
  <controlfield tag="005">20210825122801.0</controlfield>
  <controlfield tag="008">160118s2012    bg ||||| |||| 001 0 ben  </controlfield>
  <datafield tag="020" ind1=" " ind2=" ">
    <subfield code="a">9847029700778 (hbk)</subfield>
  </datafield>
  <datafield tag="040" ind1=" " ind2=" ">
    <subfield code="a">BD-DhUL</subfield>
    <subfield code="c">BD-DhUL</subfield>
  </datafield>
  <datafield tag="082" ind1=" " ind2="0">
    <subfield code="a">954.92</subfield>
    <subfield code="b">UMP</subfield>
  </datafield>
  <datafield tag="100" ind1="1" ind2=" ">
    <subfield code="a">&#x989;&#x9AE;&#x9B0;, &#x9AC;&#x9A6;&#x9B0;&#x9C1;&#x9A6;&#x9CD;&#x9A6;&#x9C0;&#x9A8;&#x964;</subfield>
  </datafield>
  <datafield tag="245" ind1="1" ind2="0">
    <subfield code="a">&#x9AA;&#x9C2;&#x9B0;&#x9CD;&#x9AC; &#x9AC;&#x9BE;&#x999;&#x9B2;&#x9BE;&#x9B0; &#x9AD;&#x9BE;&#x9B7;&#x9BE; &#x986;&#x9A8;&#x9CD;&#x9A6;&#x9CB;&#x9B2;&#x9A8; &#x993; &#x9A4;&#x9CE;&#x995;&#x9BE;&#x9B2;&#x9C0;&#x9A8; &#x9B0;&#x9BE;&#x99C;&#x9A8;&#x9C0;&#x9A4;&#x9BF; : </subfield>
    <subfield code="b">&#x9E8;&#x9AF;&#x9BC; &#x996;&#x9A3;&#x9CD;&#x9A1; / </subfield>
    <subfield code="c">&#x9AC;&#x9A6;&#x9B0;&#x9C1;&#x9A6;&#x9CD;&#x9A6;&#x9C0;&#x9A8; &#x989;&#x9AE;&#x9B0;&#x964;</subfield>
  </datafield>
  <datafield tag="250" ind1=" " ind2=" ">
    <subfield code="a">&#x9B8;&#x9C1;&#x9AC;&#x9B0;&#x9CD;&#x9A3; &#x9B8;&#x982;.</subfield>
  </datafield>
  <datafield tag="260" ind1=" " ind2=" ">
    <subfield code="a">&#x9A2;&#x9BE;&#x995;&#x9BE; : </subfield>
    <subfield code="b">&#x9B8;&#x9C1;&#x9AC;&#x9B0;&#x9CD;&#x9A3;, </subfield>
    <subfield code="c">&#x9E8;&#x9E6;&#x9E7;&#x9E8;&#x964; </subfield>
  </datafield>
  <datafield tag="300" ind1=" " ind2=" ">
    <subfield code="a">&#x996;. ; </subfield>
    <subfield code="c">&#x9E8;&#x9E8; &#x9B8;&#x9C7;&#x9AE;&#x9BF;. </subfield>
  </datafield>
  <datafield tag="365" ind1=" " ind2=" ">
    <subfield code="a">BDT</subfield>
    <subfield code="b">500.00</subfield>
  </datafield>
  <datafield tag="365" ind1=" " ind2=" ">
    <subfield code="a">BDT</subfield>
    <subfield code="b">650.00</subfield>
  </datafield>
  <datafield tag="504" ind1=" " ind2=" ">
    <subfield code="a">&#x997;&#x9CD;&#x9B0;&#x9A8;&#x9CD;&#x9A5;&#x9AA;&#x99E;&#x9CD;&#x99C;&#x9BF;&#x997;&#x9A4; &#x9A4;&#x9A5;&#x9CD;&#x9AF; &#x993; &#x9A8;&#x9BF;&#x9B0;&#x9CD;&#x998;&#x9A3;&#x9CD;&#x99F; &#x9B8;&#x982;&#x9AC;&#x9B2;&#x9BF;&#x9A4;&#x964;</subfield>
  </datafield>
  <datafield tag="651" ind1=" " ind2="4">
    <subfield code="a">&#x9AC;&#x9BE;&#x982;&#x9B2;&#x9BE;&#x9A6;&#x9C7;&#x9B6;</subfield>
    <subfield code="x">&#x987;&#x9A4;&#x9BF;&#x9B9;&#x9BE;&#x9B8;</subfield>
  </datafield>
  <datafield tag="651" ind1=" " ind2="4">
    <subfield code="a">Bangladesh</subfield>
    <subfield code="x">History</subfield>
  </datafield>
  <datafield tag="942" ind1=" " ind2=" ">
    <subfield code="2">ddc</subfield>
    <subfield code="c">BK</subfield>
  </datafield>
  <datafield tag="999" ind1=" " ind2=" ">
    <subfield code="c">254285</subfield>
    <subfield code="d">254285</subfield>
  </datafield>
  <datafield tag="952" ind1=" " ind2=" ">
    <subfield code="0">0</subfield>
    <subfield code="1">0</subfield>
    <subfield code="2">ddc</subfield>
    <subfield code="4">0</subfield>
    <subfield code="6">954_920000000000000_UMP</subfield>
    <subfield code="7">0</subfield>
    <subfield code="8">NFIC</subfield>
    <subfield code="9">181192</subfield>
    <subfield code="a">DUL</subfield>
    <subfield code="b">DUL</subfield>
    <subfield code="c">GEN</subfield>
    <subfield code="d">2016-09-19</subfield>
    <subfield code="e">Purchased</subfield>
    <subfield code="o">954.92 UMP</subfield>
    <subfield code="p">471962</subfield>
    <subfield code="r">2016-09-19</subfield>
    <subfield code="t">2</subfield>
    <subfield code="w">2016-09-19</subfield>
    <subfield code="y">BK</subfield>
    <subfield code="x">Islamic Studies</subfield>
  </datafield>
  <datafield tag="952" ind1=" " ind2=" ">
    <subfield code="0">0</subfield>
    <subfield code="1">0</subfield>
    <subfield code="2">ddc</subfield>
    <subfield code="4">0</subfield>
    <subfield code="6">954_920000000000000_UMP</subfield>
    <subfield code="7">0</subfield>
    <subfield code="8">NFIC</subfield>
    <subfield code="9">181411</subfield>
    <subfield code="a">DUL</subfield>
    <subfield code="b">DUL</subfield>
    <subfield code="c">GEN</subfield>
    <subfield code="d">2016-09-19</subfield>
    <subfield code="e">Purchased</subfield>
    <subfield code="o">954.92 UMP</subfield>
    <subfield code="p">495074</subfield>
    <subfield code="r">2016-09-19</subfield>
    <subfield code="t">8</subfield>
    <subfield code="w">2016-09-19</subfield>
    <subfield code="y">BK</subfield>
    <subfield code="x">Islamic History &amp; Culture</subfield>
  </datafield>
  <datafield tag="952" ind1=" " ind2=" ">
    <subfield code="0">0</subfield>
    <subfield code="1">0</subfield>
    <subfield code="2">ddc</subfield>
    <subfield code="4">0</subfield>
    <subfield code="6">954_920000000000000_UMP</subfield>
    <subfield code="7">0</subfield>
    <subfield code="8">NFIC</subfield>
    <subfield code="9">181412</subfield>
    <subfield code="a">DUL</subfield>
    <subfield code="b">DUL</subfield>
    <subfield code="c">GEN</subfield>
    <subfield code="d">2016-09-19</subfield>
    <subfield code="e">Purchased</subfield>
    <subfield code="o">954.92 UMP</subfield>
    <subfield code="p">495073</subfield>
    <subfield code="r">2016-09-19</subfield>
    <subfield code="t">7</subfield>
    <subfield code="w">2016-09-19</subfield>
    <subfield code="y">BK</subfield>
    <subfield code="x">Islamic History &amp; Culture</subfield>
  </datafield>
  <datafield tag="952" ind1=" " ind2=" ">
    <subfield code="0">0</subfield>
    <subfield code="1">0</subfield>
    <subfield code="2">ddc</subfield>
    <subfield code="4">0</subfield>
    <subfield code="6">954_920000000000000_UMP</subfield>
    <subfield code="7">0</subfield>
    <subfield code="8">NFIC</subfield>
    <subfield code="9">181413</subfield>
    <subfield code="a">DUL</subfield>
    <subfield code="b">DUL</subfield>
    <subfield code="c">GEN</subfield>
    <subfield code="d">2016-09-19</subfield>
    <subfield code="e">Purchased</subfield>
    <subfield code="o">954.92 UMP</subfield>
    <subfield code="p">471966</subfield>
    <subfield code="r">2016-09-19</subfield>
    <subfield code="t">6</subfield>
    <subfield code="w">2016-09-19</subfield>
    <subfield code="y">BK</subfield>
    <subfield code="x">Islamic Studies</subfield>
  </datafield>
  <datafield tag="952" ind1=" " ind2=" ">
    <subfield code="0">0</subfield>
    <subfield code="1">0</subfield>
    <subfield code="2">ddc</subfield>
    <subfield code="4">0</subfield>
    <subfield code="6">954_920000000000000_UMP</subfield>
    <subfield code="7">0</subfield>
    <subfield code="8">NFIC</subfield>
    <subfield code="9">181415</subfield>
    <subfield code="a">DUL</subfield>
    <subfield code="b">DUL</subfield>
    <subfield code="c">GEN</subfield>
    <subfield code="d">2016-09-19</subfield>
    <subfield code="e">Purchased</subfield>
    <subfield code="o">954.92 UMP</subfield>
    <subfield code="p">471963 </subfield>
    <subfield code="r">2016-09-19</subfield>
    <subfield code="t">3</subfield>
    <subfield code="w">2016-09-19</subfield>
    <subfield code="y">BK</subfield>
    <subfield code="x">Islamic Studies</subfield>
  </datafield>
  <datafield tag="952" ind1=" " ind2=" ">
    <subfield code="0">0</subfield>
    <subfield code="1">0</subfield>
    <subfield code="2">ddc</subfield>
    <subfield code="4">0</subfield>
    <subfield code="6">954_920000000000000_UMP</subfield>
    <subfield code="7">0</subfield>
    <subfield code="8">NFIC</subfield>
    <subfield code="9">181476</subfield>
    <subfield code="a">DUL</subfield>
    <subfield code="b">DUL</subfield>
    <subfield code="c">GEN</subfield>
    <subfield code="d">2016-09-19</subfield>
    <subfield code="e">Purchased</subfield>
    <subfield code="o">954.92 UMP</subfield>
    <subfield code="p">471965</subfield>
    <subfield code="r">2016-09-19</subfield>
    <subfield code="t">5</subfield>
    <subfield code="w">2016-09-19</subfield>
    <subfield code="y">BK</subfield>
    <subfield code="x">Islamic Studies</subfield>
  </datafield>
  <datafield tag="952" ind1=" " ind2=" ">
    <subfield code="0">0</subfield>
    <subfield code="1">0</subfield>
    <subfield code="2">ddc</subfield>
    <subfield code="4">0</subfield>
    <subfield code="6">954_920000000000000_UMP</subfield>
    <subfield code="7">0</subfield>
    <subfield code="8">NFIC</subfield>
    <subfield code="9">181796</subfield>
    <subfield code="a">DUL</subfield>
    <subfield code="b">DUL</subfield>
    <subfield code="c">GEN</subfield>
    <subfield code="d">2016-09-20</subfield>
    <subfield code="e">Purchased</subfield>
    <subfield code="o">954.92 UMP</subfield>
    <subfield code="p">471964</subfield>
    <subfield code="r">2016-09-20</subfield>
    <subfield code="t">4</subfield>
    <subfield code="w">2016-09-20</subfield>
    <subfield code="y">BK</subfield>
    <subfield code="x">Islamic Studies</subfield>
  </datafield>
  <datafield tag="952" ind1=" " ind2=" ">
    <subfield code="0">0</subfield>
    <subfield code="1">0</subfield>
    <subfield code="2">ddc</subfield>
    <subfield code="4">0</subfield>
    <subfield code="6">954_920000000000000_UMP</subfield>
    <subfield code="7">0</subfield>
    <subfield code="8">NFIC</subfield>
    <subfield code="9">388306</subfield>
    <subfield code="a">DUL</subfield>
    <subfield code="b">DUL</subfield>
    <subfield code="c">GEN</subfield>
    <subfield code="d">2020-02-19</subfield>
    <subfield code="e">Purchased</subfield>
    <subfield code="o">954.92 UMP</subfield>
    <subfield code="p">519799</subfield>
    <subfield code="r">2021-08-22</subfield>
    <subfield code="t">9</subfield>
    <subfield code="w">2021-08-22</subfield>
    <subfield code="y">BK</subfield>
    <subfield code="x">Mass Communication and Journalism</subfield>
  </datafield>
  <datafield tag="952" ind1=" " ind2=" ">
    <subfield code="0">0</subfield>
    <subfield code="1">0</subfield>
    <subfield code="2">ddc</subfield>
    <subfield code="4">0</subfield>
    <subfield code="6">954_920000000000000_UMP</subfield>
    <subfield code="7">0</subfield>
    <subfield code="8">NFIC</subfield>
    <subfield code="9">388307</subfield>
    <subfield code="a">DUL</subfield>
    <subfield code="b">DUL</subfield>
    <subfield code="c">GEN</subfield>
    <subfield code="d">2020-02-19</subfield>
    <subfield code="e">Purchased</subfield>
    <subfield code="o">954.92 UMP</subfield>
    <subfield code="p">519800</subfield>
    <subfield code="r">2021-08-22</subfield>
    <subfield code="t">10</subfield>
    <subfield code="w">2021-08-22</subfield>
    <subfield code="y">BK</subfield>
    <subfield code="x">Tr. to Mass Communication and Journalism</subfield>
  </datafield>
  <datafield tag="952" ind1=" " ind2=" ">
    <subfield code="0">0</subfield>
    <subfield code="1">0</subfield>
    <subfield code="2">ddc</subfield>
    <subfield code="4">0</subfield>
    <subfield code="6">954_920000000000000_UMP</subfield>
    <subfield code="7">1</subfield>
    <subfield code="8">NFIC</subfield>
    <subfield code="9">388333</subfield>
    <subfield code="a">DUL</subfield>
    <subfield code="b">DUL</subfield>
    <subfield code="c">LWC</subfield>
    <subfield code="d">2021-08-23</subfield>
    <subfield code="e">Purchased</subfield>
    <subfield code="o">954.92 UMP</subfield>
    <subfield code="p">463569</subfield>
    <subfield code="r">2021-08-23</subfield>
    <subfield code="t">1</subfield>
    <subfield code="w">2021-08-23</subfield>
    <subfield code="y">BK</subfield>
    <subfield code="x">&#x9AE;&#x9C1;&#x995;&#x9CD;&#x9A4;&#x9BF;&#x9AF;&#x9C1;&#x9A6;&#x9CD;&#x9A7; &#x9AC;&#x9BF;&#x9B7;&#x9AF;&#x9BC;&#x995; &#x9B8;&#x9C7;&#x9B2;</subfield>
  </datafield>
</record>
